JID Discography - Statistics

General Stats
  • This quiz has been taken 49 times
  • The average score is 37 of 80
Answer Stats
Hint Answer % Correct
The Never Story D/vision
93%
The Forever Story Dance Now
86%
The Never Story LAUDER
83%
God Does Like Ugly Of Blue
83%
The Forever Story Raydar
83%
The Forever Story Bruddanem
79%
God Does Like Ugly Community
79%
The Forever Story Galaxy
79%
God Does Like Ugly Gz
79%
The Forever Story Kody Blu 31
79%
The Forever Story Lauder Too
79%
The Never Story NEVER
79%
The Forever Story Sistanem
79%
The Forever Story Stars
79%
The Forever Story Surround Sound
79%
God Does Like Ugly YouUgly
79%
The Forever Story Crack Sandwich
72%
God Does Like Ugly Glory
72%
The Forever Story Just in Time
72%
The Forever Story Money
72%
DiCaprio 2 151 Rum
69%
The Forever Story Can't Punk Me
69%
God Does Like Ugly No Boo
69%
God Does Like Ugly VCRs
69%
God Does Like Ugly Wholeheartedly
69%
God Does Like Ugly WRK
69%
God Does Like Ugly For Keeps
66%
God Does Like Ugly K-Word
66%
God Does Like Ugly Sk8
66%
DiCaprio 2 Workin Out
66%
The Forever Story Can't Make U Change
62%
DiCaprio 2 Off Deez
62%
God Does Like Ugly On McAfee
59%
GDLU (Preluxe) Behold
55%
The Never Story EdEddnEddy
55%
God Does Like Ugly What We On
55%
The Forever Story Better Days
52%
The Never Story Hereditary
52%
DiCaprio 2 Skrawberries
52%
GDLU (Preluxe) Lisa
48%
DiCaprio 2 Off Da Zoinkys
48%
DiCaprio 2 Slick Talk
48%
The Never Story Doo Wop
45%
DiCaprio 2 Frequency Change
45%
The Never Story Underwear
45%
The Never Story All Bad
41%
The Never Story General
41%
DiCaprio 2 Hot Box
41%
DiCaprio 2 Hasta Luego
38%
The Never Story 8701
34%
The Never Story Somebody
34%
DiCaprio 2 Despacito Too
31%
God Does Like Ugly And We Vibing (Interlude)
28%
The Never Story Hoodbooger
28%
DiCaprio 2 Tiiied
28%
GDLU (Preluxe) Animals (Pt. I)
24%
DiCaprio 2 Just Da Other Day
24%
DiCaprio 2 Westbrook
24%
GDLU (Preluxe) Know Better
21%
DiCaprio 2 Mounted Up
21%
Spilligion Baptize
17%
Spilligion Spill Vill
14%
Spilligion Ea'alah (Family)
10%
Spilligion Hapi
10%
Spilligion Judas
10%
DiCaprio LeFluGame
10%
DiCaprio LeHoodBooger
10%
DiCaprio LeInterlude
10%
DiCaprio LeStudMuffin
10%
DiCaprio LeTrow
10%
Spilligion Mecca
10%
Spilligion Shiva
10%
Spilligion Cupid
7%
Spilligion End of Daze
7%
Spilligion Jupiter
7%
DiCaprio LeHooligangs
7%
DiCaprio LeHornys
7%
Spilligion Oshun
7%
Spilligion PsalmSing
7%
DiCaprio LeThumbpart1
3%
No matching quizzes found
Score Distribution
Percent of People with Each Score
Percentile by Number Answered
Your Score History
You have not taken this quiz